000 00637nam a22001697a 4500
003 OSt
005 20171010095509.0
008 120813t xxu||||| |||| 00| 0 eng d
040 _aMMSU
_cULS
100 _aBaytec, Marino S.
_912027
245 _aTransformational leadership behavior, managerial communication competence and performance of public schools district supervisors
_cMarino S. Baytec
260 _c1999
300 _axx, 154 leaves
_c28 cm.
500 _aThesis (Ed.D. - Educational Management) -- Mariano Marcos State University-Graduate School, Laoag City
504 _aBibliography: leaves 130-134
942 _2ddc
_cTHEDIS
999 _c9706
_d9706